| 000 | 00345nam a22001457a 4500 | ||
|---|---|---|---|
| 008 | 250417b ||||| |||| 00| 0 eng d | ||
| 020 | _a9789928001757 | ||
| 041 | _aSHQIP | ||
| 080 |
_22016 _a82LOC |
||
| 082 |
_282LOC _a82LOC |
||
| 100 | _a01 | ||
| 101 | _aGJUHE DHE LETERSI | ||
| 245 |
_aNE ISHIM GENJESHTARET _cE.LOCKHART |
||
| 942 |
_2udc _cBK |
||
| 999 |
_c60645 _d60645 |
||